|
|
|
|
| LEADER |
00676nnm a2200217za 4500 |
| 001 |
001000387 |
| 003 |
CZ BrMZK |
| 005 |
20260507124306.0 |
| 007 |
sd fsngnnmmned |
| 008 |
070912s2007 enk|||||||||||||| engod |
| 020 |
|
|
|a 9781405010566
|
| 040 |
|
|
|a BOA001
|b cze
|
| 100 |
1 |
|
|a Clandfield, Lindsay
|7 pna2007389030
|
| 245 |
1 |
0 |
|a Straightforward. Beginner. Class CDs
|h [zvukový záznam] /
|c Lindsay Clandfield
|
| 260 |
|
|
|a Oxford :
|b Macmillan,
|c 2007
|
| 300 |
|
|
|a sada 2 kompaktních disků +
|e knihy CY 26
|
| 653 |
0 |
|
|a angličtina pro střední školy
|
| 653 |
0 |
|
|a angličtina pro začátečníky
|
| 910 |
|
|
|a BOA001
|x CD-A 272
|
| 990 |
|
|
|a AM
|
| 991 |
|
|
|s SKRYTO odpis
|z 000048973
|x 99
|